Manual de derecho aduanero: despacho de mercancías, tribunales tributarios y aduaneros y aspectos penales. Ley de modernización aduanera

Saved in:
Bibliografiske detaljer
Main Authors: González Holmes, Rodrigo (Author), Ríos Alvarez, Rodrigo (Author)
Format: Bog
Sprog:spansk
Udgivet: Santiago Legal Publishing 2018
Udgivelse:2a. ed
Serier:Monografías
Fag:
Tags: Tilføj Tag
Ingen Tags, Vær først til at tagge denne postø!

MARC

LEADER 00000cam a2200000 a 4500
001 UCC5556
003 CL-VaPUC
008 181012e20180000cl |||||||||||||||||spa|d
020 |a 9789563469806 
082 0 4 |a 343.83065  |b GON  |2 21 
100 |a González Holmes, Rodrigo  |e author  |9 599892 
700 0 |a Ríos Alvarez, Rodrigo  |e author  |9 599893 
245 1 0 |a Manual de derecho aduanero: despacho de mercancías, tribunales tributarios y aduaneros y aspectos penales. Ley de modernización aduanera 
250 |a 2a. ed 
300 |a 441 p 
942 |c BK 
945 |d 20181012 13:26:00  |a dcastane 
260 |a Santiago  |b Legal Publishing  |c 2018 
650 0 |a Derecho aduanero  |9 324531 
650 0 |a Ordenamiento jurídico   |9 355371 
650 0 |a Jurisprudencia  |9 255952 
650 7 |a MERCADERIAS  |2 CL-VaPUC  |9 599894 
583 |a last modification  |c 20181115 05:50:35  |k Rodrigo Vera 
490 0 |a Monografías 
999 |c 372746  |d 372744 
952 |0 0  |1 0  |3 erb  |4 0  |6 343_830650000000000_GON_2018  |7 0  |8 A  |9 490544  |a BIBDER  |b BIBDER  |i 5506336  |l 8  |m 1  |o 343.83065 GON 2018  |p 5506336  |r 2023-04-28  |s 2023-04-28  |w 2019-11-24  |y BK  |z Catalogado en:20181012  |k DER